| 000 | 01360cam a22003494a 4500 | ||
|---|---|---|---|
| 999 |
_c127253 _d127253 |
||
| 001 | 12685312 | ||
| 003 | ARRUPE | ||
| 005 | 20171121142751.0 | ||
| 008 | 020215s2002 inu b 000 0 eng | ||
| 010 | _a 2002022754 | ||
| 020 | _a0872206335 (pbk.) | ||
| 020 | _a0872206343 (cloth) | ||
| 035 | _a(DLC) 2002022754 | ||
| 035 | _a(DLC)1233 | ||
| 040 |
_aDLC _cDLC _dDLC |
||
| 041 | 1 |
_aeng _hgrc |
|
| 042 | _apcc | ||
| 050 | 0 | 0 | _aB-358-1 |
| 082 | 0 | 0 |
_a184 _221 |
| 100 | 0 |
_aPlato. _937637 |
|
| 240 | 1 | 0 |
_aDialogues. _kSelections. _lEnglish |
| 245 | 1 | 0 |
_aFive dialogues / _cPlato ; translated by G.M.A. Grube. |
| 250 |
_a2nd ed. / _brevised by John M. Cooper. |
||
| 260 |
_aIndianapolis, IN : _bHackett Pub. Co., _cc2002. |
||
| 300 |
_ax, 156 p. ; _c23 cm. |
||
| 504 | _aIncludes bibliographical references (p. 155-156). | ||
| 505 | 0 | _aEuthyphro -- Apology -- Crito -- Meno -- Phaedo. | |
| 650 | 0 |
_aPhilosophy, Ancient. _937638 |
|
| 700 | 1 |
_aGrube, G. M. A. _q(George Maximilian Anthony) _937639 |
|
| 906 |
_a7 _bcbc _corignew _d1 _eocip _f20 _gy-gencatlg |
||
| 942 |
_2lcc _cMONOGRAPH |
||